Goûts Air UP - Statistiques

Statistiques générales
  • Ce quiz a été pris 24 fois
  • Le résultat moyen est 6 sur 24
Statistiques - réponses
Réponse % Correct
Citron
79%
Pêche
74%
Pomme
63%
Ananas
53%
Cerise
47%
Citron vert
47%
Pastèque
42%
Noix de coco
32%
Cassis
21%
Virgin Mojito
21%
Kola
16%
Cerise kola
11%
Limonade à la lavande
11%
Melon miel
11%
Orange - chocolat
11%
Baies sauvages
5%
Café frappé
5%
Citron - framboise
5%
Fraise - verveine citronnée
5%
Mangue - Fruit de la passion
5%
Orangeade
5%
Orange - vanille
5%
Smoothie à la pêche blanche
0%
Thé glacé saveur pêche
0%
Aucun quiz correspondant
Distribution des résultats
% des personnes avec chaque résultat
Percentile par nombre de réponses
Votre historique - résultats
Vous n’avez pas pris ce quiz